Szczegóły MARC21

Making the novel : fiction and society in Britain, 1660-1789

005 -DATA I CZAS OSTATNIEJ MODYFIKACJI [,]
    • @
    • pole kontrolne
    • 20061122095934.0
020 -Międzynarod. znormalizowany nr książki - ISBN [ , ]
    • a
    • Numer ISBN
    • 0333628543 Find
020 -Międzynarod. znormalizowany nr książki - ISBN [ , ]
    • a
    • Numer ISBN
    • 9780333628546 Find
040 -Instytucja sporządzająca opis [ , ]
    • a
    • Instytucja, która sporządziła opis (NP)
    • SZCZ U/ET
    • c
    • Instytucja, która sporządziła rekord (NP)
    • SZCZ U/ET
    • d
    • Instytucja, która zmodyfikowała rekord (P)
    • SZC U/KP
041 -Język dokumentu [0, ]
    • a
    • Język tekstu (P)
    • angielski
044 -Kraj miejsca wydania [ , ]
    • a
    • Kraj miejsca wydania
    • Polska
942 -Rodzaj dokumentu [ , ]
    • c
    • Rodzaj dokumentu
    • Książka
100 -Hasło główne - nazwa osobowa [1, ]
    • a
    • Nazwa osobowa (NP)
    • HAMMOND, BREAN
    • d
    • Daty biograficzne (NP)
    • (1951-)
245 -Strefa tytułu i oznaczenia odpowiedzialności [1,0]
    • a
    • Tytuł
    • Making the novel Find
    • b
    • Ciąg dalszy tytułu (NP)
    • : fiction and society in Britain, 1660-1789 Find
    • c
    • Pozostałe elementy strefy tytułu i oznaczenia odpowiedzialności (NP)
    • Brean Hammond, Shaun Regan
260 -Strefa adresu wydawniczego [ , ]
    • a
    • Miejsce wydania (P)
    • Houndmills
    • b
    • Nazwa wydawcy (P)
    • Palgrave Macmillan
    • c
    • Data wydania (P)
    • [2006]
300 -Strefa opisu fizycznego [ , ]
    • a
    • Określenie formy książki i/lub objętość (NP)
    • XII, 268 s.
    • c
    • Format (NP)
    • 23 cm.
500 -Uwaga ogólna [ , ]
    • a
    • Uwaga ogólna (NP)
    • Bibliogr. Ind.
080 -Uniwersalna Klasyfikacja Dziesiętna [ , ]
    • 2
    • Identyfikator wydania tablic
    • UDC-P022
    • a
    • Symbol klasyfikacji
    • 821.111(091)-311.9
    • b
    • Dopowiedzenie
    • Opracowania krytyczne literatury angielskiej. Powieści fantastyczne, fantastycznonaukowe (science fiction).
    • x
    • Poddział wspólny
    • "1660/1789"
    • x
    • Poddział wspólny
    • =111
    • b
    • Dopowiedzenie
    • =język angielski
980 -Symbol UKD [ , ]
    • a
    • UKD
    • 821.111(091)-311.9"1660/1789"=111
700 -Hasło dodatkowe - nazwa osobowa [1, ]
    • a
    • Nazwa osobowa (NP)
    • Regan, Shaun Find
    • d
    • Daty biograficzne (NP)
    • (1970-)
920 -ISBN [ , ]
    • a
    • ISBN
    • 0-333-62854-3 Find
920 -ISBN [ , ]
    • a
    • ISBN
    • 978-0-333-62854-6 Find
Lokalizacja Data inwentaryzacji Status udost. Numer inwentarzowy Sygnatura
BM2006-11-211A.7684ANG. Literatura angielska 61